Normal view
MARC view
- Bertola Romano
Entry Personal Name
001 - CONTROL NUMBER
- control field: 9776
003 - CONTROL NUMBER IDENTIFIER
- control field: IT-RoPau
005 - DATE AND TIME OF LATEST TRANSACTION
- control field: 20140120211501.0
008 - FIXED-LENGTH DATA ELEMENTS
- fixed length control field: 140120|| aca||aabn | a|a d
040 ## - CATALOGING SOURCE
- Original cataloging agency: IT-RoPau
- Transcribing agency: IT-RoPau
100 ## - HEADING--PERSONAL NAME
- Personal name: Bertola Romano
- Relator term: Autore testo/musica
- Miscellaneous information: Codice autore testo/musica SPICS: 9236
- Name of part/section of a work: Un diadema di ciliege
670 ## - SOURCE DATA FOUND
- Source citation: Work cat.: (IT-RoPau)99114: AA.VV. 794, Sanremo '72-Selezione delle canzoni finaliste e le sigle